|
|
|
|
| LEADER |
01019nam a2200265 a 4500 |
| 001 |
13735030 |
| 008 |
090908s2006 maua b 001 0 eng d |
| 010 |
|
|
|a 2004042321
|
| 020 |
|
|
|a 0071115811(pbk. : alk. paper)
|
| 040 |
|
|
|a DLC
|c DLC
|d DLC
|
| 082 |
0 |
0 |
|a 650
|2 22
|
| 100 |
1 |
|
|a Ferrell, O. C.
|
| 245 |
1 |
0 |
|a Business :
|b a changing world /
|c O.C. Ferrell, Geoffrey Hirt, Linda Ferrell.
|
| 250 |
|
|
|a 5th ed.
|
| 260 |
|
|
|a Boston :
|b McGraw-Hill/Irwin,
|c c2006.
|
| 300 |
|
|
|a xxxiv, 506, G-13, N-16, I-12 p. :
|b col. ill. ;
|c 26 cm.
|
| 504 |
|
|
|a Includes bibliographical references and indexes.
|
| 541 |
1 |
|
|e 00019167
|
| 650 |
|
0 |
|a Business.
|
| 650 |
|
0 |
|a Management
|z United States.
|
| 700 |
1 |
|
|a Hirt, Geoffrey A.
|
| 700 |
1 |
|
|a Ferrell, Linda.
|
| 852 |
4 |
|
|a Ayesha Abed Library
|j General shelf
|
| 999 |
|
|
|c 3962
|d 3962
|
| 952 |
|
|
|0 0
|1 4
|2 ddc
|4 0
|6 650_000000000000000_FER
|7 0
|9 3649
|a BRACUL
|b BRACUL
|c GEN
|d 2009-09-09
|e Trust Line International
|g 500.00
|l 0
|o 650 FER
|p 3010019167
|r 2009-09-16
|t 1
|v 1000.00
|w 2009-09-16
|y BK
|x Koha Inventory 2020
|